| 000 | 01088nam0a22002891 4500 | ||
|---|---|---|---|
| 001 | RU\NLR\INFOCOMM_195\5000051445 | ||
| 005 | 20250613093203.0 | ||
| 035 | _a(NLR Aleph) 009193425 | ||
| 090 |
_a8644718 _c8644718 |
||
| 100 | _a20100410d1980 |||y0rusy50 ca | ||
| 101 | 0 | _aeng | |
| 102 | _aRU | ||
| 105 | _ay ||||000|y | ||
| 200 | 1 |
_aSelected short stories _fJohn Cheever _g[Сост. и предисл. П. В. Балдицына _gКоммент. Р. И. Розиной] |
|
| 210 |
_aΜ. _cProgress _d1980 |
||
| 215 |
_a343 с. _d17 см |
||
| 300 | _aНа обороте тит. л.: Избранные рассказы / Джон Чивер | ||
| 300 | _aПредисл. и коммент. на рус. яз. | ||
| 686 |
_aШ6(7США)62-440.4 _2rubbk |
||
| 700 | 1 |
_4070 _7ba _8eng _aCheever _bJ. _f1912-1982 _gJohn _9259648 _3RU\NLR\AUTH\770259704 |
|
| 702 | 1 |
_9z01790 _aBaldicyn _bP. V. _gPavel Vjačeslavovič _4340 |
|
| 790 | 1 |
_9z01702 _aБалдицын _bП. В. _4340 |
|
| 801 | 1 |
_aRU _bNLR _c20100410 |
|
| 801 | 0 |
_aRU _bNLR _gPSBO |
|
| 852 |
_aNLR _jЛ61 Д-1/869 |
||
| 942 | _cBOOK | ||
| 980 | _aNB | ||